• 首页
  • 本馆介绍
  • 公告通知
  • 最新文献
  • 馆藏检索
  • 电子资源
  • 读者导购
  • 参考咨询
  • 我的图书馆
  • 登录
  • 详细信息显示
  • 放入我的书架
  • 预约/预借图书
  • 作者相关作品
  • 分类相关作品
  • 丛书相关作品
  • 出版社相关作品

书目信息

  • 表格格式
  • 工作单格式
  • 卡片格式
题名:
对外汉语教学心理学引论
    
 
作者: 张灵芝 著
分册:  
出版信息: 厦门   厦门大学出版社  2006
页数: 303页
开本: 21cm
丛书名:
单 册:
中图分类: H195.1
科图分类:
主题词: 对外汉语教学--教学心理学--研究
电子资源:
ISBN: 7-5615-2679-2
000 00724n|m0 2200217 450
001 1571599179
005 20150118195340.96
010    @a7-5615-2679-2@dCNY22.00
100    @a20070115d2006 em y0chiy50 ea
101 0  @achi
102    @aCN@b350000
105    @ay z 000yy
200 1  @a对外汉语教学心理学引论@9dui wai han yu jiao xue xin li xue yin lun@f张灵芝著
210    @a厦门@c厦门大学出版社@d2006
215    @a303页@d21cm
330    @a本书介绍了学生观与对外汉语教学实践、学习理论与汉语作为外语的学习过程、教师与对外汉语教学实践等内容。
606 0  @a对外汉语教学@x教学心理学@x研究
690    @aH195.1@v5
701  0 @a张灵芝@9zhang ling zhi@c(女)@4著
801  0 @aCN@bTSSF@c20150118
905    @aZUCC@dH195.1@eJY30=2
    
    对外汉语教学心理学引论/张灵芝著.-厦门:厦门大学出版社,2006
    303页;21cm
    
    
    ISBN 7-5615-2679-2:CNY22.00
    本书介绍了学生观与对外汉语教学实践、学习理论与汉语作为外语的学习过程、教师与对外汉语教学实践等内容。
●
相关链接 在E读中查询图书 在五车中查询图书 在当当中查询图书 在豆瓣中查询图书


正题名:对外汉语教学心理学引论     索取号:H195.1/JY30=2         预约/预借

序号 登录号 条形码 馆藏地/架位号 状态 备注
1 7848073   278480733   学院路分馆/ [索取号:H195.1/JY30=2] 在馆    
2 7848074   278480742   学院路分馆/ [索取号:H195.1/JY30=2] 在馆    
唐山师范学院图书馆 欢迎您!
大连网信软件有限公司© 版权所有